000 01118nam a2200253 i 4500
001 187628
003 ES-MaACL
005 20240129115703.0
008 171211s2017 mx a |||| | spa d
020 _a978-84-617-7060-1
130 0 _aPoema del Cid.
_9123904
245 1 0 _aHystoria del muy valeroso Cavallero, el Cid Ruy- Diaz de Biuar
_b: en romances: en lenguage antiguo / recopilados por Iuan de Escobar ...; preámbulo, José J. Labrador Herráiz ; prólogo e introducción Arthur Lee-Francis Askins.
260 _aMéxico D.F. :
_bFrente de afirmación hispanista, A.C.,
_c2017.
300 _a398 p. :
_bil. ;
_c21 cm.
534 _pReproducción de la edición de:
_cLisboa,1605.
650 0 4 _aRomances-
_zEspaña.
_916935
700 1 _aEscobar, Juan de.
_947553
700 1 _aLabrador Herraiz, José J.
_969288
700 0 _aAskins, Arthur Lee-Francis.
_923626
852 _aES-MaACL
_jA-14069
_9194714
_bR.151730
_cDEPO1
_dOlim: N-7069
_hDonación: José J. Labrador Herraiz
903 _aJosé J. Labrador Herraiz
_ednr
942 _2udc
_cMONOGRAFIA
999 _c187628
_d187628